000 01044nam a22001937a 4500
003 AM-YEHGA
040 _aAM-YeHGA
090 _c457499
005 20250617160513.0
008 201202s ||||| |||| 00| 0 rus d
041 0 _arus
100 1 _aЕраков, А.Н.
245 1 0 _aМноголетние цветочные и декоративные травянистые растения, расположенные по высоте их и колерам цветов, для легчайшего подбора при устройстве садов и парков, с объяснением посева, ухода, размножения, времени цветения растений и потребной для них почвы /
_cСост. А.Н. Ераков.
260 _aСанкт-Петербург :
_bтип. В.С. Балашева,
_c1881.
300 _a[4], XIII, [3], 115, [3], 366 с.
653 0 _aТравянистые растения
653 0 _aСадоводство
942 _2udc
_cBK
999 _c454508
_d454508